FORESTRY, economics and the environment

Bibliographic Details
Other Authors: Adamowicz 1959-
Format: Book
Published: Wallingford, U.K. : CAB International , 1996
Subjects:

MARC

LEADER 00000cam a2200000 7i4500
001 0000000385
005 20011204.0
020 0 0 |a 0851989829 
090 0 0 |a 338.1749   |b FOR 1996 
245 0 0 |a FORESTRY, economics and the environment   |c edited by W.L. Adamowicz ... [et al.] 
260 0 0 |a Wallingford, U.K. :   |b CAB International ,   |c 1996 
300 |a xv, 275 p. :   |b ill., map ;   |c 24 cm. 
500 0 0 |a Includes bibliographical references and index 
650 0 0 |a Forest policy   |x Congresses 
650 0 0 |a Forests and forestry   |x Economic aspects   |x Congresses 
650 0 0 |a Forests and forestry   |x Environmental aspects   |x Congresses 
700 0 1 |a Adamowicz   |h Wiktor L. ,   |c 1959- 
998 |a JPSM 
999 |a 0000001600   |b Monograph   |c Open Shelf   |e Default branch